Statistics for Regions of Ghana Map Quiz

Click here to take the quiz!

General Stats

  • This quiz has been taken 149 times
  • The average score is 5 of 10

Answers on the Map

Answers color-coded by a green-red scale on the quiz's map according to % correct below.
Loading ...
 

Answer Stats

Answer % Correct
Upper East
69%
Greater Accra
69%
Northern
63%
Upper West
63%
Western
55%
Ashanti
47%
Volta
45%
Eastern
43%
Brong-Ahafo
41%
Central
39%

Score Distribution

Percentile by Number Answered

Percent of People with Each Score

Your Score History

You have not taken this quiz